Normal view
MARC view
Entry Personal Name
001 - CONTROL NUMBER
- control field: 70537
003 - CONTROL NUMBER IDENTIFIER
- control field: 3228
005 - DATE AND TIME OF LATEST TRANSACTION
- control field: 20210818202624.0
008 - FIXED-LENGTH DATA ELEMENTS
- fixed length control field: 210818|| aca||aabn | a|a d
040 ## - CATALOGING SOURCE
- Original cataloging agency: 3228
- Transcribing agency: 3228
100 ## - HEADING--PERSONAL NAME
- Personal name: Caldwell, E. 1967
670 ## - SOURCE DATA FOUND
- Source citation: Work cat.: (3228): Caldwell, E. 1967 , IN THE SHADOW OF THE STEEPLE